een vlag van elk werelddeel - Statistieken

Algemene statistieken
  • Deze quiz is 26 keer genomen
  • De gemiddelde score is 5 van 6
Antwoordstatistieken
Foto Antwoord % Correct
brazilie
100%
jamaica
89%
bulgarije
79%
kazachstan
74%
fiji
68%
niger
68%
Geen overeenkomende quizzen gevonden
Scoreverdeling
Procent van Mensen met Elke Score
Percentiel versus Aantal Correcte Antwoorden
Uw Scoregeschiedenis
U heeft deze quiz nog niet genomen